| 000 | 00353nam a2200133Ia 4500 | ||
|---|---|---|---|
| 008 | 240624s9999 xx 000 0 und d | ||
| 041 | _aeng | ||
| 082 | _a658.4 KIN | ||
| 100 | _aKING E DAN | ||
| 245 | _aSCORECARD SOLUTION MEASURE WHAT MATTERS | ||
| 260 |
_c2015 _aNew York _bAMERICAN MANAGEMENT ASSOCIATION |
||
| 300 | _a277p. ;23cm. | ||
| 365 |
_c _b33 |
||
| 999 |
_c32782 _d32782 |
||